| 000 | 00526cam a22001931a 4500 | ||
|---|---|---|---|
| 001 | ca 17000340 | ||
| 003 | DLC | ||
| 005 | 20260227111101.0 | ||
| 008 | 850621s1914 nyu 000 0 eng | ||
| 010 | _aca 17000340 | ||
| 035 | _a(OCoLC)12183214 | ||
| 040 |
_aDLC _cOYU _dDLC |
||
| 042 | _apremarc | ||
| 050 | 0 | 0 |
_aPR5488 _b.P7 |
| 100 | 1 |
_aStevenson, Robert Louis, _d1850-1894. |
|
| 245 | 1 | 0 |
_aPrayers of peace _c[by] Stevenson. |
| 260 |
_aNew York, _bCupples & Leon company _c[1914?] |
||
| 300 |
_a12 p. _bcol. illus. _c19 cm. |
||
| 999 |
_c14951 _d14951 |
||